To the freemen of the city of Rochester.

Bibliographic Details
Main Author: Longley, John, -1822
Format: eBook
Language:English
Series:Eighteenth century collections online.
Online Access:Full text online

MARC

Tag First Indicator Second Indicator Subfields
LEADER 00000cam a2200000 4500
001 in00001903708
006 m | d |
007 cr |n||||||||n
008 880512s1784 enk|||| s 00| ||eng d
005 20260406224938.8
035 |a (CStRLIN)ESTCT179267 
040 |a Uk-ES  |c Uk-ES  |d Cu-RivES  |d CStRLIN  |d Thomson Gale  |d UtOrBLW 
100 1 |a Longley, John,  |d -1822. 
245 1 0 |a To the freemen of the city of Rochester. 
264 3 |a [Rochester] :  |b [printed by Thomas Fisher],  |c [1784] 
300 |a 1 sheet ;  |c 1/2⁰. 
336 |a text  |b txt  |2 rdacontent 
337 |a computer  |b c  |2 rdamedia 
338 |a online resource  |b cr  |2 rdacarrier 
500 |a Signed: A freeman, i.e. John Longley. 
500 |a Text begins: "It has been said with much confidence, that our member, Mr. Smith, is not only attached to the present ministers, but dependent on them; ..". 
500 |a A handbill in support of Nathaniel Smith, Member of Parliament for Rochester, shortly after the 1784 parliamentary election. 
500 |a In: 'Papers respecting the election at Rochester, April the 1st, 1784', printed by T. Fisher, 1784. 
500 |a Reproduction of original from the Bodleian Library (Oxford). 
510 4 |a English Short Title Catalog,  |c ESTCT179267. 
533 |a Electronic reproduction.  |b Farmington Hills, Mich. :  |c Thomson Gale,  |d 2003.  |n Available via the World Wide Web.  |n Access limited by licensing agreements  |7 s2003 miunns 
500 |a Electronic resource. 
830 0 |a Eighteenth century collections online. 
856 4 0 |u http://proxy.library.tamu.edu/login?url=https://galenet.galegroup.com/servlet/ECCO?c=1&stp=Author&ste=11&af=BN&ae=T179267&tiPG=1&dd=0&dc=flc&docNum=CW107739722&vrsn=1.0&srchtp=a&d4=0.33&n=10&SU=0LRL+OR+0LRI&locID=txshracd2898  |z Full text online  |t 0 
999 |a MARS 
999 f f |s 644cbc19-4c83-3af2-96db-21b20bc5b915  |i 3487928f-3264-36aa-9017-3fcf61c64211  |t 0 
952 f f |a Texas A&M University  |b College Station  |c Electronic Resources  |s www_evans  |d Available Online  |t 0  |h No information provided 
998 f f |t 0  |l Available Online